Najlepsi Strzelcy Ekstraklasy 2023/24 - Statystyki

Ogólne statystyki
  • Ten quiz został rozwiązany 43 razy
  • Średni wynik to 5 z 10
Statystyki odpowiedzi
Ilość trafień Piłkarz % Poprawnych
17 Erik Exposito
83%
10 Jesus Imaz
71%
12 Kamil Grosicki
67%
9 Amifico Pululu
57%
9 Mikael Ishak
57%
9 Josue
55%
9 Kristoffer Velde
48%
14 Ilya Skhurin
40%
12 Efthymios Koulouris
31%
9 Bartłomiej Wdowik
26%
Nie znaleziono quizów pasujących do podanych kryteriów
Rozkład punktacji
Procent ludzi z każdym wynikiem
Percentyl według liczby udzielonych odpowiedzi
Twoja historia wyników
Nie rozwiązałeś tego quizu